00495nam a22001692 4500001001100000005001700011008004100028020002700069040001500096100003200111245005700143250001300200260003200213300001600245650003000261700003400291000000949320151217152055.0081031s xx 000 0 eng d a063118631x :cDonation aKABUcKABU1 aMarch, James G.@000013646710aOrganizations /cJames G. March and Herbrt A. Simon. a2nd ed. aOxford :bBlackwell,c1993. aix, 287 p. 0aOrganization.@00001482881 aSimon, Herbert A.@0000161014